A pergunta de Job: O Homem e o mistério do mal (Registo nº 75878)

Detalhes MARC
000 -Etiqueta do registo
campo de controlo de comprimento fixo 00354 a2200121 4500
001 - Identificador do registo
Campo de controlo 75878
005 - Identificador da versão
Campo de controlo 20260313154944.0
010 ## - ISBN
Número (ISBN) 972-54-0051-8
100 ## - Dados Gerais de Proc.
Dados gerais de processamento 20260313 pory50
200 ## - Título
Título próprio A pergunta de Job: O Homem e o mistério do mal
Primeira menção de responsabilidade Sebastião J. Formosinho; J. Oliveira Branco
210 ## - Publicação, Distribuição
Nome do editor, distribuidor, etc. Universidade Católica
Data da publicação, distribuição, etc. 2003
090 ## - Números de controlo do sistema (Koha)
Número biblioitem do Koha (gerado automaticamente) 75878
942 ## - Elementos de entrada adicionados (Koha)
Tipo de item no Koha Monografias

Não há exemplares disponíveis.